Statistics for Bronte Sisters Quiz

Click here to take the quiz!

General Stats

  • This quiz has been taken 49 times
  • The average score is 15 of 25

Answer Stats

HintAnswer% Correct
Third sister in the Bronte FamilyCharlotte
100%
Fourth sister in the Bronte FamilyEmily
100%
Fifth sister in the Bronte FamilyAnne
93%
Best known novel of the 3rd sisterJane Eyre
84%
Only published novel of 4th sisterWuthering Heights
84%
Orphan at the centre of this novelHeathcliff
82%
Only brother in the Bronte FamilyBranwell
78%
His love interest, who dies halfway through the bookCatherine
76%
Main employment of the title character of that novelGoverness
71%
Pseudonym of 5th sisterActon Bell
64%
2nd novel of the 5th sisterThe tenant of wildfell hall
62%
Pseudonym of 4th sisterEllis Bell
60%
Pseudonym of 3rd sisterCurrer Bell
58%
First novel of the 5th sisterAgnes Grey
56%
Yorkshire village where Bronte family lived, and most are buriedHaworth
56%
Second eldest sister in the Bronte FamilyElizabeth
51%
Name of the Bronte Sister's FatherPatrick
49%
Name of the Bronte Sister's MotherMaria
42%
Eldest sister in the Bronte FamilyMaria
42%
Novel of 3rd sister published posthumouslyThe Professor
40%
Yorkshire town where youngest sister is buriedScarborough
38%
Year the Mother died1821
36%
Imaginary world created by 4th and 5th sistersGondal
16%
Imaginary world created by 3rd sister and her brotherAngria
11%
Name of the 3rd sister's husbandArthur Bell Nicholls
7%

Score Distribution

Percentile by Number Answered

Percent of People with Each Score

Your Score History

You have not taken this quiz